LEADER 01462nam 2200385Ia 450 001 9910690841803321 005 20050712114259.0 035 $a(CKB)5470000002341916 035 $a(OCoLC)44742005 035 9 $aocm44742005 035 $a(OCoLC)995470000002341916 035 $a(EXLCZ)995470000002341916 100 $a20000808d2000 ua 0 101 0 $aeng 181 $ctxt$2rdacontent 182 $cn$2rdamedia 183 $anc$2rdacarrier 200 10$aBest practices $ea more constructive test approach is key to better weapon system outcomes : report to the Chairman and Ranking Minority Member, Subcommittee on Readiness and Management Support, Committee on Armed Services, U.S. Senate /$fUnited States General Accounting Office 210 1$aWashington, D.C. (P.O. Box 37050, Washington, D.C. 20013) :$cThe Office,$d[2000] 215 $a66 pages $cillustrations ;$d28 cm 300 $a"B-282345"--P. 3. 300 $a"GAO/NSIAD-00-199." 300 $a"July 2000." 300 $aCover title. 320 $aIncludes bibliographical references (page 66). 517 $aBest practices 606 $aCommercial products$zUnited States$xTesting$xEvaluation 607 $aUnited States$xArmed Forces$xWeapons systems$xTesting$xEvaluation 615 0$aCommercial products$xTesting$xEvaluation. 801 1$bGAO 801 2$bGPO 906 $aBOOK 912 $a9910690841803321 996 $aBest practices$91692820 997 $aUNINA